000
00345 a2200157 4500
001
185782
020
_a
85-7160-004-X
040
_c
Magnum
100
_a
Borges, Helena Geruza
240
1
0
_a
Coleção arco-íris 1
_l
por
245
1
0
_a
Coleção arco-íris 1
300
_a
12
362
0
_a
1993
697
_a
LITERATURA INFANTIL
942
_c
BK
999
_c
185782
_d
185782